| 000 | 00501nam a2200169Ia 4500 | ||
|---|---|---|---|
| 999 |
_c28125 _d28125 |
||
| 003 | OSt | ||
| 005 | 20201130102419.0 | ||
| 008 | 190216s9999||||xx |||||||||||||| ||und|| | ||
| 040 | _coclc | ||
| 082 |
_a894.8123 _bPAY/A |
||
| 100 |
_aPayyannur, K K Bhaskaran _97008 |
||
| 245 | 0 |
_aAmruthachumbanam / _cK K Bhaskaran Payyannur |
|
| 260 |
_bPoorna Pubs, _c2000. _a Kozhikode: |
||
| 300 | _a143p | ||
| 650 | _aMalayalam Novel | ||
| 942 |
_cBK _2ddc _h894.8123 _iPAY/A _k894.8123 _mPAY/A |
||